Determinantes científicas, económicas y socio-ambientales de la bioprospección en Colombia (2003-2012). (Registro nro. 8657)

Detalles MARC
000 -CABECERA
Campo de control 01165nam a22002537a 4500
005 - FECHA Y HORA DE LA ULTIMA TRANSACCION
Campo de control 20140903112835.0
008 - ELEMENTOS DE LONGITUD FIJA—INFORMACION GENERAL
Campo de control 140612s2013 ck ad gr 000 0dspa d
020 ## - ISBN
ISBN 9789587615142
041 ## - IDIOMA
Código de idioma para texto/pista de sonido o título separado Español
044 ## - PAÍS DE PUBLICACIÓN
País de publicación Colombia
082 04 - NUMERO DE CLASIFICACION DECIMAL DEWEY
Número de clasificación 333.9516
Número del ítem D47
245 00 - MENCION DE TITULO
Título Determinantes científicas, económicas y socio-ambientales de la bioprospección en Colombia (2003-2012).
Mención de responsabilidad Editores Catalina Toro Pérez, Luz Marina Melgarejo.
260 ## - PUBLICACION, DISTRIBUCION, ETC. (PIE DE IMPRENTA)
Lugar de publicación, distribución, etc. Bogotá
Nombre del editor, distribuidor, etc. Universidad Nacional de Colombia. Facultad de Derecho, Ciencias Políticas y Sociales. Instituto de Genética. Maestría de Biociencias y Derecho :
-- Colciencias,
Fecha de publicación, distribución, etc. 2013.
300 ## - DESCRIPCION FISICA
Extensión 341 p.
Otros detalles físicos il., gráficas
Dimensiones 24 cm.
504 ## - NOTA DE BIBLIOGRAFIA, ETC.
Nota de bibliografía Incluye referencias bibliograficas
650 #4 - ASIENTO SECUNDARIO DE MATERIA - TERMINO TEMATICO
Término temático o nombre geográfico como elemento de entrada Bioprospecciín
Subdivisión de forma investigaciones
-- aspectos jurídicos
Subdivisión cronológica Colombia
650 #4 - ASIENTO SECUNDARIO DE MATERIA - TERMINO TEMATICO
Término temático o nombre geográfico como elemento de entrada Diversidad biológica
Subdivisión general aspectos jurídicos
650 #4 - ASIENTO SECUNDARIO DE MATERIA - TERMINO TEMATICO
Término temático o nombre geográfico como elemento de entrada Biotecnología
Subdivisión general aspectos sociales
650 #4 - ASIENTO SECUNDARIO DE MATERIA - TERMINO TEMATICO
Término temático o nombre geográfico como elemento de entrada Derechos de propiedad intelectual
650 #4 - ASIENTO SECUNDARIO DE MATERIA - TERMINO TEMATICO
Término temático o nombre geográfico como elemento de entrada Conservación de los recursos naturales
700 1# - ASIENTO SECUNDARIO - NOMBRE PERSONAL
Nombre personal Melgarejo, Luz Marina,
Término de relación ed.
700 1# - ASIENTO SECUNDARIO - NOMBRE PERSONAL
Nombre personal Toro-Pérez, Catalina,
Término de relación ed.
942 ## - ELEMENTOS ADICIONALES (KOHA)
Sistema de clasificación Dewey Decimal Classification
Tipo de ítem Libro
Existencias
Withdrawn status Lost status Sistema de Clasificación Damaged status No para préstamo Colección Inventariado Ubicación Permanente Ubicación actual Fecha de adquisición Fuente de Valor Valor Total Checkouts Número topográfico Inventario / Código de Barras Date last seen Ejemplar Price effective from Forma de adquisición Tipo de material
    Dewey Decimal Classification     General Inventariado 2017 Bogotá Bogotá 03/09/2014 Instituto 39000.00   LB-333.9516 D47 038299 03/09/2014 Ej. 1 03/09/2014 Canje Libro
    Dewey Decimal Classification     General Inventariado 2017 Sala Fabio Quevedo Sala Fabio Quevedo 12/12/2016 Instituto 39000.00   LB-333.9516 D47 040858 12/12/2016 Ej. 2 12/12/2016 Canje Libro